| 000 | 00346nam a2200133Ia 4500 | ||
|---|---|---|---|
| 008 | 190216s9999||||xx |||||||||||||| ||und|| | ||
| 100 | _aJanardhanan Pillay .cp | ||
| 245 | 0 | _aFirst Year Bsc Main. Algebra Calculus And Analytic Geometry | |
| 250 | _a1st Ed. | ||
| 260 |
_bNull _c1989 |
||
| 300 | _apage-132 | ||
| 650 | _aMathematics | ||
| 942 | _cBK | ||
| 999 |
_c31023 _d31023 |
||